Súčasnosť, prognózy, opatrenia. 2
Analýza výsledkov poľnohospodársko-potravinárskeho komplexu (APK), podľa stavu v roku 1993-1994 a koncepčných zámerov v roku 1995. Priebeh transformácie poľnohospodárskych družstiev, privatizácia štátnych podnikov. Plnenie zámerov poľnohospodárskej politiky. Podpora a organizovanie domáceho agrárneh...
Salvato in:
| Autore principale: | |
|---|---|
| Natura: | Capitolo di libro |
| Lingua: | slovacco |
| Soggetti: | |
| Tags: |
Nessun Tag, puoi essere il primo ad aggiungerne!!
|
MARC
| LEADER | 00000naa a2200000 4500 | ||
|---|---|---|---|
| 001 | r024399 | ||
| 005 | 20221205091517.5 | ||
| 041 | 0 | |a slo | |
| 044 | |a SK | ||
| 245 | 1 | 0 | |a Súčasnosť, prognózy, opatrenia. 2 |c A. Mlynarovič |
| 520 | |a Analýza výsledkov poľnohospodársko-potravinárskeho komplexu (APK), podľa stavu v roku 1993-1994 a koncepčných zámerov v roku 1995. Priebeh transformácie poľnohospodárskych družstiev, privatizácia štátnych podnikov. Plnenie zámerov poľnohospodárskej politiky. Podpora a organizovanie domáceho agrárneho trhu. Opatrenia v cenovej oblasti. | ||
| 610 | 2 | 0 | |a politika poľnohospodárska |
| 610 | 2 | 0 | |a Slovensko |
| 610 | 2 | 0 | |a poľnohospodárstvo |
| 610 | 2 | 0 | |a transformácia |
| 610 | 2 | 0 | |a komplex poľnohospodársko-potravinársky |
| 610 | 2 | 0 | |a 1993-1994 |
| 610 | 2 | 0 | |a výnosy |
| 610 | 2 | 0 | |a potravinárstvo |
| 610 | 2 | 0 | |a výroba poľnohospodárska |
| 100 | 1 | |a Mlynarovič, A. | |